000 01677cam a22004454i 4500
003 PE-LiUPU
005 20250731173012.0
008 150616s r 000 0 d
035 _a(Sirsi) a2278
040 _aPE-LiUPU
_bspa
_cPE-LiUPU
_erda
049 _aPRUA
082 0 4 _a282.8
_221
_bD278h
100 1 _ade Egaña, Antonio,
_eautor.
245 1 0 _aHistoria de la Iglesia en la América española :
_bdesde el descubrimiento hasta comienzos del siglo XIX, hemisferio sur /
_cAntonio de Egaña, S. I.
264 1 _aMadrid :
_bBiblioteca de Autores Cristianos,
_c1966.
300 _a1126 páginas :
_bilustraciones ;
_c20 cm.
336 _atext
_2rdacontent
337 _aunmediated
_2rdamedia
338 _avolume
_2rdacarrier
490 0 _aBiblioteca de Autores Cristianos ;
_v256
504 _aNotas al pie de páginas.
505 0 _aEn tierras colombiano-venezolanas -- En tierras peruanas -- En tierras ecuatoriano-colombianas -- En tierras paraguayas y bolivianas -- Visión sintética -- Argentina -- Paraguay-Uruguay -- Chile -- Perú -- Bolivia -- Ecuador -- Colombia -- Venezuela.
526 _aSEG42
526 _aSEG41
526 _aSEG40
526 _aSEG39
526 _aP94
526 _aP87
526 _aP86
526 _aP85
526 _aP77
526 _aP76
526 _aP35
650 0 4 _aIglesia
_xHistoria
_zAmérica del Sur.
910 _ajck
942 _2ddc
_cBOOK
949 _a278 L83
_wDEWEY
_c1
_i19160
_lCCODEBUL1
_mBUL
_p00.00
_r0
_sY
_tBOOK
_u19810715
_xTEOLOGIA
_zUNKNOWN
_0COMPRA
_o.STAFF. Colección General
980 _81
_gALBERTO SANCHEZ Responsable de Automatización
999 _c23388
_d23388